Mots commençant par "C" dans la chanson française - Statistiques

Statistiques générales
  • Ce quiz a été pris 5 417 fois
  • Le résultat moyen est 12 sur 16
Statistiques - réponses
Artiste Titre % Correct
Fréro Delavega Le {Chant} des sirènes
98%
Michel Sardou Les Lacs du {Connemara}
98%
France Gall Poupée de {cire}, poupée de son
98%
Patrick Bruel {Casser} la voix
94%
Joe Dassin Siffler sur la {colline}
81%
Annie Cordy Chaud {cacao}
79%
Mylène Farmer Sans {contrefaçon}
79%
Véronique Sanson {Chanson} sur ma drôle de vie
76%
Francis Cabrel La {Cabane} du pêcheur
73%
Serge Gainsbourg Couleur {café}
66%
Laurent Voulzy Le {Cœur} grenadine}
66%
Pierre Perret Les Jolies {Colonies} de vacances
62%
Amir J'ai {cherché}
58%
Jean-Jacques Goldman Il {changeait} la vie
52%
Johnny Hallyday Le {Chanteur} abandonné
43%
Axel Bauer (1984) {Cargo}
36%
Aucun quiz correspondant
Distribution des résultats
% des personnes avec chaque résultat
Percentile par nombre de réponses
Votre historique - résultats
Vous n’avez pas pris ce quiz